000 00661nam a22002177a 4500
001 BD-DhSAU 2117
003 BD-DhSAU
005 20150126125605.0
008 150126b1997 ja a|||| |||| 00| 0 eng d
020 _a9283321987
040 _aBD-DhSAU
082 _222
_a634.9
_bPER
110 _aAsian Productivity Organization
245 _aPerspective on forestry resources management /
_cAsian Productivity Organization & APO Seminar
260 _aTokyo :
_bAsian Productivity Organization ,
_cc1997.
300 _ax, 275 p. :
_bill. ;
_c26 cm.
590 _aJerin
650 _aForesrty
650 _a resources management
711 _aReport of an APO Seminar
942 _2ddc
_cBOOK
999 _c2117
_d2117